The Humanistic Tradition book 5

Guardat en:
Dades bibliogràfiques
Autor principal: Fiero, Gloria K.
Format: Llibre
Idioma:English
Publicat: McGraw - HillCompanies, Inc 2006
Matèries:
Etiquetes: Afegir etiqueta
Sense etiquetes, Sigues el primer a etiquetar aquest registre!
Thư viện lưu trữ: Mạng thư viện Đại học Đà Nẵng
LEADER 00917nam a22002651a 4500
001 000034876
003 11096
005 20151027134512.0
008 151027s2006 000 eng
020 |a 9780072910094 
041 |a eng 
082 |a 420.30  |b FI-G 
100 |a Fiero, Gloria K. 
245 |a The Humanistic Tradition book 5  |c Gloria K. Fiero 
260 |a McGraw - HillCompanies, Inc  |c 2006 
300 |a 178p. : ill ; 30cm 
650 |a Gloria K. Fiero, 2006, Humanistic Tradition, book 5. Society, 5 
OWN |a LNN 
AVA |a UDN50  |b LNN  |d 420.30 FI-G  |e available  |t Error 5001 Not defined in file expand_doc_bib_avail.  |f 1  |g 0  |h N  |i 0  |k 1 
999 |a From the UDN01 
AVA |a UDN50  |b LNN  |d 420.30 FI-G  |e available  |t Error 5001 Not defined in file expand_doc_bib_avail.  |f 1  |g 0  |h N  |i 0  |k 1 
TYP |a Monograph 
980 |a Mạng thư viện Đại học Đà Nẵng